000 00262nam a2200109Ia 4500
008 220204s9999 xx 000 0 und d
082 _a771.3
_bREY;1
100 _aReynolds, Clyde
245 0 _aPhotoguide to cameras
260 _aLondon
_bFocal
_c1976
942 _cBK
999 _c33080
_d33080